000 00733nam a2200301Ia 4500
001 Z_813
003 CHAP
008 220113s1974 xx 000 0 und d
010 _a163907
040 _cCHAP
082 _a633.2 V65y
100 _aVoisin, Andre
_9120626
245 _aProductividad de la hierba /
_cAndre Voisin
260 _aMadrid :
_bTecnos,
_c1974
300 _a499 p. : il.
440 _aColec. Agros : Manuales de Agricultura y Zootecnia
_924642
500 _a
503 _a124801
650 _aPastizales
_985916
650 _aPastizales
_xManejo I. t.
_9137425
650 _aPastos
_985986
901 _a633.2 V65y
902 _aA
910 _a1974
942 _c1
942 _cc1
999 _c163907
_d163907